[Event "LTU-chT 0910"]
[Site "Lithuania"]
[Date "2009.12.06"]
[Round "4.22"]
[White "Rutkus, Marius"]
[Black "Tvarijonas, Povilas"]
[Result "0-1"]
[WhiteElo "1883"]
[BlackElo "2339"]
[PlyCount "50"]
[EventDate "2009.11.07"]
[EventType "team-tourn"]
[EventRounds "9"]
[EventCountry "LTU"]
[SourceTitle "EXT 2022"]
[Source "ChessBase"]
[SourceDate "2021.10.06"]
[SourceVersion "1"]
[SourceVersionDate "2021.10.06"]
[SourceQuality "1"]
[WhiteTeam "Plunge Bokstas II"]
[BlackTeam "Kaunas Trys nuliai"]
[WhiteTeamCountry "LTU"]
[BlackTeamCountry "LTU"]

1. d4 d5 2. c4 e6 3. Nc3 Nf6 4. Nf3 Be7 5. e3 0-0 6. Bd3 c5 7. 0-0 Nc6 8. dxc5 Bxc5 9. a3 a5 10. Qc2 Qe7 11. cxd5 exd5 12. Bf5 Be6 13. Rd1 g6 14. Bxe6 fxe6 15. b3 Rad8 16. Bb2 Ba7 17. Nb5 Bb8 18. Nbd4 Ne4 19. Qe2 Rf7 20. Rf1 Rdf8 21. Nxc6 bxc6 22. Be5 Bxe5 23. Nxe5 Rxf2 24. Rxf2 Rxf2 25. Qg4 Qf6 0-1